000 01137nam0a22002771 4500
001 rc\79684
005 20250620172827.0
010 _a5-09-005966-7
_950000
035 _a(NLR Aleph) 005349715
090 _a6783458
_c6783458
100 _a20021216d1995 |||y0rusy50 ca
101 0 _arus
102 _aRU
105 _ay |||||||||
200 1 _aДидактические материалы для углубленного изучения русского языка
_eЛексика. Словообразование. Морфология
_eКн. для учителя
_fГ.М. Шипицына, С.С. Петровская, И.Н. Черников
210 _aМ.
_cПросвещение
_d1995
215 _a286, [1] с.
_d20
320 _aТемат. указ. текстов: с. 286
700 1 _aШипицына
_bГ.М.
_gГалина Михайловна
701 1 _aПетровская
_bС.С.
_gСветлана Семеновна
701 1 _aЧерников
_bИ.Н.
_gИван Николаевич
801 0 _aRU
_bNLR
_gpsbo
801 1 _aRU
_bELAR
_2rusmarc
852 _aNLR
_j96-3/648
942 _cBOOK
980 _aNB